00983nam a2200229 a 4500001001000000003000500010005001700015008004100032010001100073011001100084040000900095100003500104245025200139260004100391500006000432502008500492650003400577650002600611650001700637650002900654856007000683000112806CHAP20220329144322.0161129s2016 mx a fsm |||||||spa d a109267 a110239 cCHAP1 aEspejel Blancas, Edith Abigail10aSeguimiento de la fermentación maloláctica en la producción de vino tinto y procedimientos de seguridad para los trabajadores :bcaso hoteles y viñedos del Valle de Guadalupe S.A. de C.V. /h[En línea]cpor Edith Abigail Espejel Blancas. aChapingo, Méx. :bEl autor,c2016. aPara ver el contenido del material haga clic en la liga aTesis (Ing. Agroindustrial) -- UACH. Departamento de Ingeniería Agroindustrial14aFermentaciónxBioquímica.14aSeguridad industrial.14aVinicultura.14aVinoxNormas de calidad. aFinding aiduhttp://10.13.5.2/tesis/sist112806.pdfzTeclea aquí